Escala para subir al conocimiento de Dios por el de las criaturas (Registro nro. 87827)

Detalles MARC
000 -ENCABEZADO
Número de control [NR] 00660nam a22001937a 4500
008 - DE LONGITUD FIJA DE DATOS DE ELEMENTOS - INFORMACIÓN GENERAL
Elementos de longitud fija [NR] 130821s1881 sp gr spa
040 ## - FUENTE DE CATALOGACION [NR]
Agencia de catalogación original [NR] Co-BoUCM
Idioma de catalogación [NR] spa
041 00 - CODIGO DE IDIOMA [R]
Código de idioma para texto/pista de sonido o título separado [R] Español
100 ## - ASIENTO PRINCIPAL--NOMBRE PERSONAL [NR]
Nombre personal [NR] Belarmino, Roberto, Cardenal
Fechas asociadas con el nombre [NR] 1542-1621
ID Autoridad 150249
245 00 - MENCION DE TITULO [NR]
Título [NR] Escala para subir al conocimiento de Dios por el de las criaturas
Mención de responsabilidad, etc. [NR] Cardenal Roberto Belarmino
260 ## - PUBLICACION, DISTRIBUCION, ETC. (PIE DE IMPRENTA) [R]
Lugar de publicación, distribución, etc. [R] Madrid (España)
Nombre del editor, distribuidor, etc. [R] Imprenta de la Viuda e Hijo de Aguado
Fecha de publicación, distribución, etc. [R] 1881
300 ## - DESCRIPCION FISICA [R]
Extensión [R] 454 páginas
600 ## - ASIENTO SECUNDARIO DE MATERIA - NOMBRE PERSONAL [R]
Nombre personal [NR] Dios
9 (RLIN) 604
600 ## - ASIENTO SECUNDARIO DE MATERIA - NOMBRE PERSONAL [R]
Nombre personal [NR] Dios
9 (RLIN) 604
650 04 - ASIENTO SECUNDARIO DE MATERIA - TERMINO TEMATICO [R]
Término temático o nombre geográfico como elemento de entrada [NR] Cristianismo
9 (RLIN) 12174
650 04 - ASIENTO SECUNDARIO DE MATERIA - TERMINO TEMATICO [R]
Término temático o nombre geográfico como elemento de entrada [NR] Teología
9 (RLIN) 25230
942 ## - ELEMENTOS DE ENTRADA AGREGADOS (KOHA)
Tipo de ítem principal el descrito en 300a Libro
Tema principal Religión
Edición 1
Parte restante de la signatura top. B351
Título oculto en OPAC No
Sistema de clasificación DEWEY
Clasificación 230
Existencias
Signatura topográfica Código de barras Última vez visto Ejemplar Price effective from Tipo de ítem Perdido Sistema de clasificación Dañado No prestable Tipo de ítem específico Suprimido Ubicación habitual Ubicación actual Localización Fecha de creación Forma de adquisición Costo
FCS 230 B351 120000139 05/07/2012 Ej.1 03/02/2013 Libro   DEWEY     Fondos especiales     Archivo Histórico Archivo histórico 28/02/2003 Donación 1000.00